| 000 | 00729cam a2200229 i 4500 | ||
|---|---|---|---|
| 999 |
_c14243 _d14243 |
||
| 003 | OSt | ||
| 005 | 20260407185008.0 | ||
| 008 | 120911s2013 ii a b 001 0 eng d | ||
| 020 | _a9789381523384 | ||
| 042 |
_alccopycat _alcode |
||
| 043 | _aa-ii--- | ||
| 050 | 0 | 0 |
_aNA1508.S36 _bD37 2013 |
| 082 | 0 | 4 |
_a720.95414 _223 |
| 100 | 1 |
_aDas, Samit, _d1970- |
|
| 245 | 1 | 0 |
_aArchitecture of Santiniketan : _bTagore's concept of space / _cSamit Das. |
| 300 |
_a179 pages : _billustrations ; _c28 cm |
||
| 504 | _aIncludes bibliographical references (pages 173-177) and index. | ||
| 610 | 2 | 0 | _aVisva-Bharati. |
| 650 | 0 |
_aArchitecture _zIndia _zSantiniketan. |
|
| 651 | 0 |
_aSantiniketan (India) _xBuildings, structures, etc. |
|
| 942 | _2ddc | ||